Word Ladder: Perry Mason Quiz Stats

 Plays Quiz Updated Apr 29, 2016

Challenge
Share
Tweet
Embed
Score 0/10 Timer 01:30
1 Play Today
Hint 4-Letter Word % Correct
Sunrise directionEAST
99.2%
Opposite of futurePAST
99.1%
Fraction of the wholePART
98.1%
Command: 'At ____, soldier.'EASE
97.8%
Cat soundPURR
97%
'The Incredibles' surnamePARR
93.9%
• Perry Mason actor: Raymond ____ OR Hamilton rival Aaron ____• BURR •
90.3%
French pronoun OR a fashion magazineELLE
83.7%
In programming, counterpart of 'If'ELSE
81.8%
• Perry Mason author: ____ Stanley Gardner OR an anagram of a word for a lascivious look •• ERLE •
58.8%

Today's Daily Dose

You're not logged in!

Compare scores with friends on all Sporcle quizzes.
Join for Free
OR
Log In

You Might Also Like...

Show Comments

Extras

Top Quizzes Today


Score Distribution

Your Account Isn't Verified!

In order to create a playlist on Sporcle, you need to verify the email address you used during registration. Go to your Sporcle Settings to finish the process.

Report this User

Report this user for behavior that violates our Community Guidelines.

Details: